000 00921 a2200217 4500
001 31577
005 20260407155620.0
008 260407a1970 arg spa d
003 AR-UNSa-BCEJYS
040 _aAR-UNSa-BCEJYS
_bspa
_cAR-UNSa-BCEJYS
080 _a658.01
_xMetodología. Teoría y práctica de la organización( teoria de la organización, análisis organizacional...)
245 1 0 _aLa administración y el comportamiento humano
264 1 _aMéxico :
_bEditora Técnica
_c1970
300 _a177 p.
_c24 cm.
505 _a1. La administración: un enfoque de las ciencias del comportamiento - 2. Motivación y comportamiento - 3. Ambiente motivador - 4. El comportamiento directivo - 5. Determinación de la eficacia - 6. En busca de la eficacia organizacional
041 _aspa
942 _cBK
590 _aniveau_biblio:m niveau_hierar:0
100 1 _aBlanchard, Kennetth H.
700 1 _aHersey, Paul
999 _c2194
_d2194